Normale Ansicht MARC-Ansicht ISBD

Kultur Report (Titelsatznr. 79925)

[ MARC ]
MARC-Details
000 -Satzkennung
Kontrollfeld mit fester Länge 00629nam a2200217 4500
001 - Kontrollnummer
Kontrollfeld 19710
003 - Kontrollnummer Identifier
Kontrollfeld OSt
005 - Datum und Zeit der letzten Transaktion
Kontrollfeld 20201201124540.0
007 - Feld mit fester Länge zur physischen Beschreibung - Allgemeine Information
Kontrollfeld mit fester Länge tu
008 - Feld mit fester Länge zur physischen Beschreibung - Allgemeine Angaben
Kontrollfeld mit fester Länge 180228d20022017||| ger
022 ## - Internationale Standardseriennummer
Internationale Standardseriennummer 0948-2288
040 ## - Katalogisierungsquelle
Übertragungsstelle STAFF
110 2# - Haupteintragung - Körperschaftsname
Körperschafts- oder Gebietskörperschaftsname als Eintragungselement Stiftung Mitteldeutscher Kulturrat
245 00 - Titel
Titel Kultur Report
Verfasserangabe etc. Stiftung Mitteldeutscher Kulturrat
264 ## - Produktion, Veröffentlichung, Distribution, Herstellung und Urheberrechtsvermerk
Herstellungs-, Veröffentlichungs- Vertriebs-, Erzeugungsort Bonn
Produzent, Herausgeber, Distributor, Hersteller Bonner Universitäts-Buchdruckerei
Datum der Herstellung, der Veröffentlichung, des Vertriebs oder des Urheberschutzvermerks 2002-2017
365 ## - Handelspreis
Währungscode
500 ## - Allgemeine Fußnote
Allgemeine Fußnote Jg. 2002-2012 (uv.) H.31,49, 55/56, 58,61,65-67, 69-71; Jg. 2013/2014; Jg. 2016/2017; Jg. 2018/2019
515 ## - Fußnote zu Besonderheiten der Zählung
Fußnote zu Besonderheiten der Zählung quartalsweise
546 ## - Fußnote zur Sprache
Sprache deutsch
942 ## - Zusätzliche Felder (Koha)
Klassifikation oder Aufstellungssystematik Andere/Generische Klassifikation
Koha-Medientyp Zeitschriften
Exemplare
Ausgeschieden Verloren Klassifikation oder Aufstellungssystematik Beschädigt Nicht entleihbar Heimatbibliothek Aufenthaltsbibliothek Erwerbungsdatum Kodierter Standort-Qualifier Anzahl Ausleihen Signatur Letzte Aktivität Preis gültig von
    Andere/Generische Klassifikation     Stadtarchiv Frankfurt (Oder) | Archivbibliothek Stadtarchiv Frankfurt (Oder) | Archivbibliothek 25/11/2020 M   III: 1827 25/11/2020 25/11/2020